Заявление отставного штабс-капитана Назарова прокурору Симферопольского окружного суда с просьбой привлечь к ответственности нач...

Доступно только в Электронных читальных залах Найти на картеНа карте
RUSMARC
00003971nac2a22002771x 450
0011139d681-ac65-49fb-9436-8a6a0aa4fb4e
00520131008151228.0
100##$a20130529l1877 k y0rusy50 ca
1010#$arus
102##$aRU
105##$ay z |||||
1220#$ad18770310
2001#$aЗаявление отставного штабс-капитана Назарова прокурору Симферопольского окружного суда с просьбой привлечь к ответственности начальницу Симферопольской женской прогимназии за оскорбление его дочери
$j10 марта 1877
215##$a2 листа
251##$cДело
300##$aРукописный текст
330##$aДокументальные материалы, отложившиеся в результате служебной и общественной деятельности А. Ф. Кони; По судебному ведомству
461#0$10013a54f2e3-e9cf-409b-80fa-f0a9bd3c40cb
$12001
$aКони Анатолий Федорович, юрист, литератор, член академии наук, председатель Санкт-Петербургского окружного суда, член государственного совета
$1251
$cФонд
$1852
$j564
462#0$100178a475cd-a47d-4377-bff3-cee4b81de655
$12001
$aОпись дел фонда А. Ф. Кони за 1880-1931 гг.
$1251
$cОпись
$1852
$j1
600#1$aКони
$bА. Ф.
$f1844-1927
$gАнатолий Федорович
600#1$aНазаров
60102$3RU\NLR\AUTH\8810178387
$aСимферопольский окружной суд
60102$aСимферопольская женская прогимназия
801#0$aRU
$bGA_RF
801#1$aRU
$bНПО Опыт
$c20130529
$2rusmarc
801#2$aRU
$bПБ им. Б.Н. Ельцина
$c20131008
$gRCR
$2rusmarc
852##$aГА РФ
$j503
937##$d38306927
$hПБ
035##$aRuPRLIB51001162
Формат отображения